Подробности
| 000 -МАРКЕР |
| контрольное поле |
01941nam0a22003731 4500 |
| 001 - ИДЕНТИФИКАТОР ЗАПИСИ |
| контрольное поле |
RU\NLR\A1SV\57831 |
| 005 - ИДЕНТИФИКАТОР ВЕРСИИ |
| контрольное поле |
20251203171251.9 |
| 035 ## - ДРУГИЕ СИСТЕМНЫЕ НОМЕРА |
| Идентификатор записи |
(NLR Aleph) 009739787 |
| 100 ## - ДАННЫЕ ОБЩЕЙ ОБРАБОТКИ |
| Данные общей обработки |
20070915d1926 u y0rusy50 ca |
| 101 0# - ЯЗЫК РЕСУРСА |
| Язык текста, звукозаписи и т.д. |
русский |
| 102 ## - СТРАНА ПУБЛИКАЦИИ ИЛИ ПРОИЗВОДСТВА |
| Страна публикации |
Российская Федерация |
| 200 1# - ЗАГЛАВИЕ И СВЕДЕНИЯ ОБ ОТВЕТСТВЕННОСТИ |
| Основное заглавие |
Изыскания 1923 г. |
| Сведения, относящиеся к заглавию |
Исслед. поймы оз. Ильмень (отчет о работах) |
| Первые сведения об ответственности |
Инж. Г.К.Лоттер |
| Основное заглавие произведения другого автора |
Триангуляция на пойме оз. Ильмень |
| Первые сведения об ответственности |
Отчет о работах Н.М.Никифорова и инж. А.В.Глаголева |
| Основное заглавие произведения другого автора |
Исследования истока р. Волхова |
| Первые сведения об ответственности |
Отчет о работах инж. П.В.Иванова |
| Последующие сведения об ответственности |
ВСНХ. Промбюро Сев.-Зап. обл. Стр-во гос. Волхов. гидроэектр. силов. установки |
| -- |
Предисл. нач. Отд. изысканий инж. В.Родевич |
| 210 ## - ПУБЛИКАЦИЯ, РАСПРОСТРАНЕНИЕ И ДР. |
| Место издания, распространения и т.д. |
Л. |
| Имя издателя, распространителя и т. д. |
Тип. авиаизд-ва |
| Дата издания, распространения и т.д. |
1926 |
| 215 ## - ФИЗИЧЕСКАЯ ХАРАКТЕРИСТИКА |
| Специфическое обозначение материала и объем |
[4], 170, 20, 28 с., 20 л. ил. карт. |
| Другие сведения о физической характеристике |
ил. |
| Размеры |
27 см |
| 225 ## - СЕРИЯ |
| Основное заглавие серии |
Материалы по исслед. реки Волхова и его бассейна |
| Сведения об ответственности |
Под ред. нач. Отд. изысканий инж. В.М.Родевича |
| Обозначение тома |
Вып. 8 |
| 620 ## - МЕСТО И ДАТА ПУБЛИКАЦИИ, ИСПОЛНЕНИЯ И Т. Д. |
| Город |
Санкт-Петербург |
| 700 #1 - ИМЯ ЛИЦА - ПЕРВИЧНАЯ ОТВЕТСТВЕННОСТЬ |
| Начальный элемент ввода |
Лоттер |
| Часть имени, кроме начального элемента ввода |
Г.К. |
| Даты |
1888-1941 |
| Расширение инициалов личного имени |
Герман Карлович |
| 702 #1 - ИМЯ ЛИЦА - ВТОРИЧНАЯ ОТВЕТСТВЕННОСТЬ |
| Начальный элемент ввода |
Никифоров |
| Часть имени, кроме начального элемента ввода |
Н.М. |
| Даты |
1889-? |
| Расширение инициалов личного имени |
Николай Митрофинович |
| 702 #1 - ИМЯ ЛИЦА - ВТОРИЧНАЯ ОТВЕТСТВЕННОСТЬ |
| Начальный элемент ввода |
Родевич |
| Часть имени, кроме начального элемента ввода |
Вс. |
| 702 #1 - ИМЯ ЛИЦА - ВТОРИЧНАЯ ОТВЕТСТВЕННОСТЬ |
| Начальный элемент ввода |
Глаголев |
| Часть имени, кроме начального элемента ввода |
А.В. |
| Расширение инициалов личного имени |
Андрей Владимирович |
| 702 #1 - ИМЯ ЛИЦА - ВТОРИЧНАЯ ОТВЕТСТВЕННОСТЬ |
| Начальный элемент ввода |
Иванов |
| Часть имени, кроме начального элемента ввода |
П.В. |
| Даты |
1886-? |
| Расширение инициалов личного имени |
петр Владимирович |
| 801 #0 - ИСТОЧНИК ЗАПИСИ |
| Страна |
Российская Федерация |
| Организация |
NLR |
| Дата составления |
20070915 |
| 852 ## - МЕСТОНАХОЖДЕНИЕ И ШИФР ХРАНЕНИЯ |
| Идентификатор организации |
NLR |
| Шифр хранения (Call Number) |
7/117-8 |
| 852 ## - МЕСТОНАХОЖДЕНИЕ И ШИФР ХРАНЕНИЯ |
| Идентификатор организации |
NLR |
| Шифр хранения (Call Number) |
124/531-8 |
| 852 ## - МЕСТОНАХОЖДЕНИЕ И ШИФР ХРАНЕНИЯ |
| Идентификатор организации |
NLR |
| Шифр хранения (Call Number) |
124/531-8а |
| 899 ## - ДАННЫЕ О МЕСТОНАХОЖДЕНИИ (устаревшее) |
| Местонахождение |
РГБ |
| 899 ## - ДАННЫЕ О МЕСТОНАХОЖДЕНИИ (устаревшее) |
| Местонахождение |
ВГБ |
| 899 ## - ДАННЫЕ О МЕСТОНАХОЖДЕНИИ (устаревшее) |
| Местонахождение |
СПбГУ |
| 899 ## - ДАННЫЕ О МЕСТОНАХОЖДЕНИИ (устаревшее) |
| Местонахождение |
МГУ |
| 942 ## - ДОПОЛНИТЕЛЬНЫЕ ЭЛЕМЕНТЫ ЗАПИСИ (АБИС) |
| Тип экземпляра АБИС |
Книга |
| 980 ## - КОЛЛЕКЦИЯ |
| Название коллекции |
Национальная библиография |
| 980 ## - КОЛЛЕКЦИЯ |
| Название коллекции |
Международный сводный каталог русской книги (1918-1926) |